000 01192nam a2200265 a 4500
005 20141217142859.0
008 140129b2007 ck ||||| |||| 00| 0 spa d
040 _cCO-BoIH
041 _aspa
044 _ack
090 _aIAVH
_b00947
100 _aLema Vélez, Luz Amparo
_95292
245 _aEnlace Corporación Autónoma de Quindío CRQ - Artesanos de Filandia y Circasia para la implementación del Plan de Co-manejo de bejucos
260 _aBogotá
_bInstituto Alexander von Humboldt
_c2007
300 _a37 p.
520 _aPresenta el establecimiento del enlace entre la Corporación Autonoma de Quindio CRQ como autoridad ambiental y las comunidades de artesanos de Filandia y Circasia del departamento del Quindio, para la implementación de las estrategias, compromisos y reglas acordadas en el Plan de co-manejo de bejucos y el fortalecimiento de la cadena de uso de recursos de cestería
650 _aPlanes de co-manejo ambiental
_95620
650 _aArtesanos
_930414
650 _aCestería
_9599
650 _aBejucos
_930415
650 _aRecursos Naturales Artesanales
_95357
650 _aOferta ambiental
_95358
942 _cINFORME
_2z
945 _d2008-08-22
999 _c6478
_d6478